000 00668nam a2200265Ia 4500
005 20260121171528.0
008 008 260114s9999 xx 000 0 eng d
020 _a9783030338947
037 _aEBOOK
040 _aCRL
040 _beng
040 _cCRL
041 _2eng
041 _aeng
084 _qCRL
100 _aRogelio E. Cardona-Rivera, Anne Sullivan, R. Michael Young
_91077343
245 0 _aInteractive Storytelling
260 _bSpringer
260 _bSpringer
260 _c2019
856 _uhttps://link.springer.com/openurl?genre=book&isbn=978-3-030-33894-7
942 _cEBOOK
999 _c1643074
_d1643074